Dobromil Zahradník : plastiky : Krajská galerie v Hradci Králové, výstavní síň B. Kubišty, 22. února - 19. března 1989 /

Hlavní autor: Zahradník, Dobromil, 1925-1991
Další autoři: Sůva, Josef, 1934-2023
Jazyk: Čeština
Vydáno: Hradec Králové : Krajská galerie, 1989
Témata:
Fyzický popis: 1 složený list, obrazová příloha : ilustrace ; 20 cm + 1 příloha
Knihy
Uloženo v:
LEADER 01318nam a22003372i 4500
001 001532128
003 CZ BrMZK
005 20161025135003.0
007 ta
008 160622s1989 xr af er|||||||||||cze d
015 |a cnb000047100 
035 |a (OCoLC)39417785 
040 |a ABA001  |b cze  |d ABA001  |d BOA001  |e rda 
080 9 |a 730.071.1Zahradník,D. 
080 9 |a 730.023.1(437.1)"19":92Zahradník(064) 
100 1 |a Zahradník, Dobromil,  |d 1925-1991  |7 jn20000728828  |4 art 
245 1 0 |a Dobromil Zahradník :  |b plastiky : Krajská galerie v Hradci Králové, výstavní síň B. Kubišty, 22. února - 19. března 1989 /  |c [text] Josef Sůva 
246 3 0 |a Plastiky - Dobromil Zahradník 
264 1 |a Hradec Králové :  |b Krajská galerie,  |c 1989 
300 |a 1 složený list, obrazová příloha :  |b ilustrace ;  |c 20 cm +  |e 1 příloha 
336 |a text  |b txt  |2 rdacontent 
337 |a bez média  |b n  |2 rdamedia 
338 |a svazek  |b nc  |2 rdacarrier 
500 |a 500 výt. 
600 1 7 |a Zahradník, Dobromil,  |d 1925-1991  |7 jn20000728828  |2 czenas 
655 7 |a katalogy výstav  |7 fd132536  |2 czenas 
700 1 |a Sůva, Josef,  |d 1934-2023  |7 jx20040625022  |4 wfw 
910 |a BOA001  |b X-0941.213 
990 |a BK 
991 |b 201605 
996 6 |b 2619164136  |c X-0941.213  |l MZK  |r Sklad / do 24 hodin  |n 0  |w 001566963  |u 000010  |a 1  |e BOA001  |j MZK50  |s P